<?xml version="1.0" encoding="UTF-8"?><record xmlns="http://www.loc.gov/MARC21/slim" xmlns:zs="http://docs.oasis-open.org/ns/search-ws/sruResponse">
  <leader>06317cam a22010454a 4500</leader>
  <controlfield tag="001">1655192</controlfield>
  <controlfield tag="007">hd afa|||baca</controlfield>
  <controlfield tag="008">970930s1996    mdu     a     001 0 eng  </controlfield>
  <controlfield tag="005">20250630010050.6</controlfield>
  <datafield ind1=" " ind2=" " tag="010">
    <subfield code="a">   97042604 </subfield>
  </datafield>
  <datafield ind1=" " ind2=" " tag="020">
    <subfield code="a">1556556608</subfield>
  </datafield>
  <datafield ind1=" " ind2=" " tag="020">
    <subfield code="a">9781556556609</subfield>
  </datafield>
  <datafield ind1="7" ind2=" " tag="024">
    <subfield code="a">MSS85121</subfield>
    <subfield code="q">: Manuscript Division collection ID</subfield>
    <subfield code="2">lcmd</subfield>
  </datafield>
  <datafield ind1=" " ind2=" " tag="035">
    <subfield code="9">(DLC)   97042604</subfield>
  </datafield>
  <datafield ind1=" " ind2=" " tag="040">
    <subfield code="a">DLC</subfield>
    <subfield code="c">DLC</subfield>
    <subfield code="d">DLC</subfield>
  </datafield>
  <datafield ind1=" " ind2=" " tag="042">
    <subfield code="a">pcc</subfield>
  </datafield>
  <datafield ind1=" " ind2=" " tag="043">
    <subfield code="a">n-us---</subfield>
    <subfield code="a">a-vt---</subfield>
  </datafield>
  <datafield ind1="1" ind2="0" tag="050">
    <subfield code="a">DS557.8.M9</subfield>
  </datafield>
  <datafield ind1=" " ind2="7" tag="072">
    <subfield code="a">I</subfield>
    <subfield code="2">lcmd</subfield>
  </datafield>
  <datafield ind1="0" ind2="0" tag="082">
    <subfield code="a">959.704/3</subfield>
    <subfield code="2">21</subfield>
  </datafield>
  <datafield ind1=" " ind2=" " tag="090">
    <subfield code="a">Microfilm 22,811</subfield>
  </datafield>
  <datafield ind1="1" ind2=" " tag="100">
    <subfield code="a">Peers, William R.</subfield>
    <subfield code="q">(William Raymond),</subfield>
    <subfield code="d">1914-1984.</subfield>
  </datafield>
  <datafield ind1="0" ind2="4" tag="245">
    <subfield code="a">The Peers inquiry of the massacre at My Lai</subfield>
    <subfield code="h">[microform] /</subfield>
    <subfield code="c">editor, Robert E. Lester</subfield>
  </datafield>
  <datafield ind1=" " ind2=" " tag="260">
    <subfield code="a">Bethesda, MD :</subfield>
    <subfield code="b">University Publications of America,</subfield>
    <subfield code="c">c1996.</subfield>
  </datafield>
  <datafield ind1=" " ind2=" " tag="300">
    <subfield code="a">12 microfilm reels ;</subfield>
    <subfield code="c">35 mm.</subfield>
  </datafield>
  <datafield ind1=" " ind2=" " tag="336">
    <subfield code="a">text</subfield>
    <subfield code="b">txt</subfield>
    <subfield code="2">rdacontent</subfield>
  </datafield>
  <datafield ind1=" " ind2=" " tag="337">
    <subfield code="a">microform</subfield>
    <subfield code="b">h</subfield>
    <subfield code="2">rdamedia</subfield>
  </datafield>
  <datafield ind1=" " ind2=" " tag="338">
    <subfield code="a">microfilm reel</subfield>
    <subfield code="b">hd</subfield>
    <subfield code="2">rdacarrier</subfield>
  </datafield>
  <datafield ind1=" " ind2="0" tag="440">
    <subfield code="a">Vietnam War research collections</subfield>
  </datafield>
  <datafield ind1=" " ind2=" " tag="500">
    <subfield code="a">"Microfilmed from the holdings of the Library, the Judge Advocate General's School, U.S. Army, Charlottesville, Virginia."</subfield>
  </datafield>
  <datafield ind1=" " ind2=" " tag="500">
    <subfield code="a">Accompanied by printed guide compiled by Robert E. Lester with title: A guide to the microfilm edition of the Peers inquiry of the massacre at My Lai.</subfield>
  </datafield>
  <datafield ind1="0" ind2=" " tag="506">
    <subfield code="a">Open to research.</subfield>
  </datafield>
  <datafield ind1=" " ind2=" " tag="530">
    <subfield code="a">Also available in digital form from the Federal Research Division on the Library of Congress Web site; scanned from the originals.</subfield>
  </datafield>
  <datafield ind1=" " ind2="0" tag="650">
    <subfield code="a">My Lai Massacre, Vietnam, 1968</subfield>
    <subfield code="v">Sources.</subfield>
  </datafield>
  <datafield ind1=" " ind2="0" tag="650">
    <subfield code="a">Vietnam War, 1961-1975</subfield>
    <subfield code="x">Atrocities</subfield>
    <subfield code="v">Sources.</subfield>
  </datafield>
  <datafield ind1=" " ind2="0" tag="650">
    <subfield code="a">Vietnam War, 1961-1975</subfield>
    <subfield code="z">United States</subfield>
    <subfield code="v">Sources.</subfield>
  </datafield>
  <datafield ind1="1" ind2=" " tag="700">
    <subfield code="a">Lester, Robert.</subfield>
  </datafield>
  <datafield ind1="2" ind2=" " tag="710">
    <subfield code="a">Judge Advocate General's School (United States. Army)</subfield>
  </datafield>
  <datafield ind1="2" ind2=" " tag="710">
    <subfield code="a">University Publications of America (Firm)</subfield>
  </datafield>
  <datafield ind1="0" ind2="2" tag="740">
    <subfield code="a">Guide to the microfilm edition of the Peers inquiry of the massacre at My Lai.</subfield>
  </datafield>
  <datafield ind1=" " ind2=" " tag="852">
    <subfield code="a">Library of Congress</subfield>
    <subfield code="b">Manuscript Division</subfield>
    <subfield code="e">Washington, D.C. 20540 USA</subfield>
    <subfield code="n">dcu</subfield>
    <subfield code="u">http://hdl.loc.gov/loc.mss/mss.home</subfield>
  </datafield>
  <datafield ind1="4" ind2="0" tag="856">
    <subfield code="d">llmlp</subfield>
    <subfield code="f">RDAR-Vol-I</subfield>
    <subfield code="u">https://hdl.loc.gov/loc.law/llmlp.RDAR-Vol-I</subfield>
  </datafield>
  <datafield ind1="4" ind2="0" tag="856">
    <subfield code="d">llmlp</subfield>
    <subfield code="f">RDAR-Vol-IIBook1</subfield>
    <subfield code="u">https://hdl.loc.gov/loc.law/llmlp.RDAR-Vol-IIBook1</subfield>
  </datafield>
  <datafield ind1="4" ind2="0" tag="856">
    <subfield code="d">llmlp</subfield>
    <subfield code="f">RDAR-Vol-IIBook2</subfield>
    <subfield code="u">https://hdl.loc.gov/loc.law/llmlp.RDAR-Vol-IIBook2</subfield>
  </datafield>
  <datafield ind1="4" ind2="0" tag="856">
    <subfield code="d">llmlp</subfield>
    <subfield code="f">RDAR-Vol-IIBook3</subfield>
    <subfield code="u">https://hdl.loc.gov/loc.law/llmlp.RDAR-Vol-IIBook3</subfield>
  </datafield>
  <datafield ind1="4" ind2="0" tag="856">
    <subfield code="d">llmlp</subfield>
    <subfield code="f">RDAR-Vol-IIBook4</subfield>
    <subfield code="u">https://hdl.loc.gov/loc.law/llmlp.RDAR-Vol-IIBook4</subfield>
  </datafield>
  <datafield ind1="4" ind2="0" tag="856">
    <subfield code="d">llmlp</subfield>
    <subfield code="f">RDAR-Vol-IIBook5</subfield>
    <subfield code="u">https://hdl.loc.gov/loc.law/llmlp.RDAR-Vol-IIBook5</subfield>
  </datafield>
  <datafield ind1="4" ind2="0" tag="856">
    <subfield code="d">llmlp</subfield>
    <subfield code="f">RDAR-Vol-IIBook6</subfield>
    <subfield code="u">https://hdl.loc.gov/loc.law/llmlp.RDAR-Vol-IIBook6</subfield>
  </datafield>
  <datafield ind1="4" ind2="0" tag="856">
    <subfield code="d">llmlp</subfield>
    <subfield code="f">RDAR-Vol-IIBook7</subfield>
    <subfield code="u">https://hdl.loc.gov/loc.law/llmlp.RDAR-Vol-IIBook7</subfield>
  </datafield>
  <datafield ind1="4" ind2="0" tag="856">
    <subfield code="d">llmlp</subfield>
    <subfield code="f">RDAR-Vol-IIBook8</subfield>
    <subfield code="u">https://hdl.loc.gov/loc.law/llmlp.RDAR-Vol-IIBook8</subfield>
  </datafield>
  <datafield ind1="4" ind2="0" tag="856">
    <subfield code="d">llmlp</subfield>
    <subfield code="f">RDAR-Vol-IIBook9</subfield>
    <subfield code="u">https://hdl.loc.gov/loc.law/llmlp.RDAR-Vol-IIBook9</subfield>
  </datafield>
  <datafield ind1="4" ind2="0" tag="856">
    <subfield code="d">llmlp</subfield>
    <subfield code="f">RDAR-Vol-IIBook10</subfield>
    <subfield code="u">https://hdl.loc.gov/loc.law/llmlp.RDAR-Vol-IIBook10</subfield>
  </datafield>
  <datafield ind1="4" ind2="0" tag="856">
    <subfield code="d">llmlp</subfield>
    <subfield code="f">RDAR-Vol-IIBook11</subfield>
    <subfield code="u">https://hdl.loc.gov/loc.law/llmlp.RDAR-Vol-IIBook11</subfield>
  </datafield>
  <datafield ind1="4" ind2="0" tag="856">
    <subfield code="d">llmlp</subfield>
    <subfield code="f">RDAR-Vol-IIBook12</subfield>
    <subfield code="u">https://hdl.loc.gov/loc.law/llmlp.RDAR-Vol-IIBook12</subfield>
  </datafield>
  <datafield ind1="4" ind2="0" tag="856">
    <subfield code="d">llmlp</subfield>
    <subfield code="f">RDAR-Vol-IIBook13</subfield>
    <subfield code="u">https://hdl.loc.gov/loc.law/llmlp.RDAR-Vol-IIBook13</subfield>
  </datafield>
  <datafield ind1="4" ind2="0" tag="856">
    <subfield code="d">llmlp</subfield>
    <subfield code="f">RDAR-Vol-IIBook14</subfield>
    <subfield code="u">https://hdl.loc.gov/loc.law/llmlp.RDAR-Vol-IIBook14</subfield>
  </datafield>
  <datafield ind1="4" ind2="0" tag="856">
    <subfield code="d">llmlp</subfield>
    <subfield code="f">RDAR-Vol-IIBook15</subfield>
    <subfield code="u">https://hdl.loc.gov/loc.law/llmlp.RDAR-Vol-IIBook15</subfield>
  </datafield>
  <datafield ind1="4" ind2="0" tag="856">
    <subfield code="d">llmlp</subfield>
    <subfield code="f">RDAR-Vol-IIBook16</subfield>
    <subfield code="u">https://hdl.loc.gov/loc.law/llmlp.RDAR-Vol-IIBook16</subfield>
  </datafield>
  <datafield ind1="4" ind2="0" tag="856">
    <subfield code="d">llmlp</subfield>
    <subfield code="f">RDAR-Vol-IIBook17</subfield>
    <subfield code="u">https://hdl.loc.gov/loc.law/llmlp.RDAR-Vol-IIBook17</subfield>
  </datafield>
  <datafield ind1="4" ind2="0" tag="856">
    <subfield code="d">llmlp</subfield>
    <subfield code="f">RDAR-Vol-IIBook18</subfield>
    <subfield code="u">https://hdl.loc.gov/loc.law/llmlp.RDAR-Vol-IIBook18</subfield>
  </datafield>
  <datafield ind1="4" ind2="0" tag="856">
    <subfield code="d">llmlp</subfield>
    <subfield code="f">RDAR-Vol-IIBook19</subfield>
    <subfield code="u">https://hdl.loc.gov/loc.law/llmlp.RDAR-Vol-IIBook19</subfield>
  </datafield>
  <datafield ind1="4" ind2="0" tag="856">
    <subfield code="d">llmlp</subfield>
    <subfield code="f">RDAR-Vol-IIBook20</subfield>
    <subfield code="u">https://hdl.loc.gov/loc.law/llmlp.RDAR-Vol-IIBook20</subfield>
  </datafield>
  <datafield ind1="4" ind2="0" tag="856">
    <subfield code="d">llmlp</subfield>
    <subfield code="f">RDAR-Vol-IIBook21</subfield>
    <subfield code="u">https://hdl.loc.gov/loc.law/llmlp.RDAR-Vol-IIBook21</subfield>
  </datafield>
  <datafield ind1="4" ind2="0" tag="856">
    <subfield code="d">llmlp</subfield>
    <subfield code="f">RDAR-Vol-IIBook22</subfield>
    <subfield code="u">https://hdl.loc.gov/loc.law/llmlp.RDAR-Vol-IIBook22</subfield>
  </datafield>
  <datafield ind1="4" ind2="0" tag="856">
    <subfield code="d">llmlp</subfield>
    <subfield code="f">RDAR-Vol-IIBook23</subfield>
    <subfield code="u">https://hdl.loc.gov/loc.law/llmlp.RDAR-Vol-IIBook23</subfield>
  </datafield>
  <datafield ind1="4" ind2="0" tag="856">
    <subfield code="d">llmlp</subfield>
    <subfield code="f">RDAR-Vol-IIBook24</subfield>
    <subfield code="u">https://hdl.loc.gov/loc.law/llmlp.RDAR-Vol-IIBook24</subfield>
  </datafield>
  <datafield ind1="4" ind2="0" tag="856">
    <subfield code="d">llmlp</subfield>
    <subfield code="f">RDAR-Vol-IIBook25</subfield>
    <subfield code="u">https://hdl.loc.gov/loc.law/llmlp.RDAR-Vol-IIBook25</subfield>
  </datafield>
  <datafield ind1="4" ind2="0" tag="856">
    <subfield code="d">llmlp</subfield>
    <subfield code="f">RDAR-Vol-IIBook26</subfield>
    <subfield code="u">https://hdl.loc.gov/loc.law/llmlp.RDAR-Vol-IIBook26</subfield>
  </datafield>
  <datafield ind1="4" ind2="0" tag="856">
    <subfield code="d">llmlp</subfield>
    <subfield code="f">RDAR-Vol-IIBook27</subfield>
    <subfield code="u">https://hdl.loc.gov/loc.law/llmlp.RDAR-Vol-IIBook27</subfield>
  </datafield>
  <datafield ind1="4" ind2="0" tag="856">
    <subfield code="d">llmlp</subfield>
    <subfield code="f">RDAR-Vol-IIBook28</subfield>
    <subfield code="u">https://hdl.loc.gov/loc.law/llmlp.RDAR-Vol-IIBook28</subfield>
  </datafield>
  <datafield ind1="4" ind2="0" tag="856">
    <subfield code="d">llmlp</subfield>
    <subfield code="f">RDAR-Vol-IIBook29</subfield>
    <subfield code="u">https://hdl.loc.gov/loc.law/llmlp.RDAR-Vol-IIBook29</subfield>
  </datafield>
  <datafield ind1="4" ind2="0" tag="856">
    <subfield code="d">llmlp</subfield>
    <subfield code="f">RDAR-Vol-IIBook30</subfield>
    <subfield code="u">https://hdl.loc.gov/loc.law/llmlp.RDAR-Vol-IIBook30</subfield>
  </datafield>
  <datafield ind1="4" ind2="0" tag="856">
    <subfield code="d">llmlp</subfield>
    <subfield code="f">RDAR-Vol-IIBook31</subfield>
    <subfield code="u">https://hdl.loc.gov/loc.law/llmlp.RDAR-Vol-IIBook31</subfield>
  </datafield>
  <datafield ind1="4" ind2="0" tag="856">
    <subfield code="d">llmlp</subfield>
    <subfield code="f">RDAR-Vol-IIBook32</subfield>
    <subfield code="u">https://hdl.loc.gov/loc.law/llmlp.RDAR-Vol-IIBook32</subfield>
  </datafield>
  <datafield ind1="4" ind2="0" tag="856">
    <subfield code="d">llmlp</subfield>
    <subfield code="f">RDAR-Vol-IIIBook1</subfield>
    <subfield code="u">https://hdl.loc.gov/loc.law/llmlp.RDAR-Vol-IIIBook1</subfield>
  </datafield>
  <datafield ind1="4" ind2="0" tag="856">
    <subfield code="d">llmlp</subfield>
    <subfield code="f">RDAR-Vol-IIIBook2</subfield>
    <subfield code="u">https://hdl.loc.gov/loc.law/llmlp.RDAR-Vol-IIIBook2</subfield>
  </datafield>
  <datafield ind1="4" ind2="0" tag="856">
    <subfield code="d">llmlp</subfield>
    <subfield code="f">RDAR-Vol-IIIBook3</subfield>
    <subfield code="u">https://hdl.loc.gov/loc.law/llmlp.RDAR-Vol-IIIBook3</subfield>
  </datafield>
  <datafield ind1="4" ind2="0" tag="856">
    <subfield code="d">llmlp</subfield>
    <subfield code="f">RDAR-Vol-IIIBook4</subfield>
    <subfield code="u">https://hdl.loc.gov/loc.law/llmlp.RDAR-Vol-IIIBook4</subfield>
  </datafield>
  <datafield ind1="4" ind2="0" tag="856">
    <subfield code="d">llmlp</subfield>
    <subfield code="f">RDAR-Vol-IIIBook5</subfield>
    <subfield code="u">https://hdl.loc.gov/loc.law/llmlp.RDAR-Vol-IIIBook5</subfield>
  </datafield>
  <datafield ind1="4" ind2="0" tag="856">
    <subfield code="d">llmlp</subfield>
    <subfield code="f">RDAR-Vol-IIIBook6</subfield>
    <subfield code="u">https://hdl.loc.gov/loc.law/llmlp.RDAR-Vol-IIIBook6</subfield>
  </datafield>
  <datafield ind1="4" ind2="0" tag="856">
    <subfield code="d">llmlp</subfield>
    <subfield code="f">RDAR-Vol-IIIBook7</subfield>
    <subfield code="u">https://hdl.loc.gov/loc.law/llmlp.RDAR-Vol-IIIBook7</subfield>
  </datafield>
  <datafield ind1="4" ind2="0" tag="856">
    <subfield code="d">llmlp</subfield>
    <subfield code="f">RDAR-Vol-IV-CID</subfield>
    <subfield code="u">https://hdl.loc.gov/loc.law/llmlp.RDAR-Vol-IV-CID</subfield>
  </datafield>
  <datafield ind1=" " ind2=" " tag="906">
    <subfield code="a">7</subfield>
    <subfield code="b">cbc</subfield>
    <subfield code="c">orignew</subfield>
    <subfield code="d">1</subfield>
    <subfield code="e">ocip</subfield>
    <subfield code="f">19</subfield>
    <subfield code="g">y-genmicro</subfield>
  </datafield>
  <datafield ind1=" " ind2=" " tag="955">
    <subfield code="a">pc01 to VP00 09-30-97; vr13 10-07-97; hdg. changed dd28, 11-01-99</subfield>
    <subfield code="a">uf17 2003-07-17, 12 microfilm reels to CIP uf17 2003-07-17</subfield>
    <subfield code="f">vr03 2003-12-22 to MssRR</subfield>
  </datafield>
  <datafield ind1=" " ind2=" " tag="955">
    <subfield code="a">LCAP batch update 2025-06-03-04:00: LCAPM-986, LCAPM-150</subfield>
  </datafield>
  <datafield ind1=" " ind2=" " tag="985">
    <subfield code="a">ll/llmlp/llhmmilreg</subfield>
  </datafield>
  <datafield ind1=" " ind2=" " tag="985">
    <subfield code="a">ll/llmlp</subfield>
  </datafield>
  <datafield ind1=" " ind2=" " tag="985">
    <subfield code="a">ll/llmlp/llmylai</subfield>
  </datafield>
  <datafield ind1=" " ind2=" " tag="985">
    <subfield code="a">ll/llmlp/vietnamwar</subfield>
  </datafield>
  <datafield ind1=" " ind2=" " tag="985">
    <subfield code="e">MSS.</subfield>
  </datafield>
</record>
